LEADER 01265nam a2200301 a 4500 001 000000123811 003 CaOOAMICUS 005 20101126121242.0 008 101126t2010 it u000 u ita r 040 $aPUL$bita 082 04$a920 100 1 $aBarbero, Alessandro,$d1959-$0(OLS)http://pul/name/8196 245 10$aCarlo Magno :$bun padre dell'Europa /$cAlessandro Barbero. 260 $aMilano :$bIl Sole 24 ore,$c©2010$aRoma ; Bari :$bEditori Laterza 300 $a451 p. ;$c22 cm 490 1 $aGrandi biografie ;$v7 500 $aInclude indice. 504 $aBibliografia p. [387]-436. 600 04$aCharlemagne,$cimperatore del Sacro romano impero,$d742-814.$0(OLS)http://pul/subject/4410 830 0$aGrandi biografie ;$v7.$0(OLS)http://pul/title/155366 850 $aPUL 852 $aPUL$W1$xDP2 Filosofia 3$y112$m920 COLL 2.7$j142638$qDDC 21$B141602$CPULBib$Z2$F141602 $H115168 $82 941 1 $a9 996 $6082$a920$9(OLS)http://pul/classification/1661 996 $6245$aCarlo Magno :$bun padre dell'Europa$9(OLS)http://pul/title/65524 996 $6260$aMilano :$bIl Sole 24 ore$9(OLS)http://pul/publisher/69212 996 $6260$aRoma ; Bari :$bEditori Laterza$9(OLS)http://pul/publisher/61082 LEADER 01040nam a2200253 u 4500 001 000000054200 003 CaOOAMICUS 005 20070226115639.0 008 001201s1956 it u000 u ita u 035 $a10862980 040 $aPUL(R)$bita 100 1 $aCarlini, Armando,$d1878-1959.$0(OLS)http://pul/name/3657 245 10$aChe cos'è la metafisica? :$bpolemiche e ricostruzione /$cArmando Carlini. 260 $aMilano :$bBocca,$c1956. 300 $a222 p. ;$c21 cm 490 1 $aSpiritualismo cristano.$aSerie II ;$v3 650 4$aMetafisica.$0(OLS)http://pul/subject/433 830 0$aSpiritualismo cristano.$nSerie II ;$v3.$0(OLS)http://pul/title/72705 850 $aPUL 852 $aPUL$W1$xDP1 Fondo Giannini$y60$m1556 G 39$j71430$nBK-PRI$b $qFondi$B71430$CPULBib$Z2$F71430 $H $81 941 1 $a1 961 $aINV: F. Giannini 996 $6245$aChe cos'è la metafisica? :$bpolemiche e ricostruzione$9(OLS)http://pul/title/72704 996 $6260$aMilano :$bBocca$9(OLS)http://pul/publisher/50867